Statistics for New Zealand District Capitals

Click here to take the quiz!

General Stats

  • This quiz has been taken 11 times
  • The average score is 41 of 67

Answer Stats

districtseat% Correct
Auckland
100%
Christchurch
100%
Dunedin
100%
NelsonNelson
100%
Nelson
100%
Wellington
100%
GisborneGisborne
90%
HastingsHastings
90%
Invercargill
90%
SouthlandInvercargill
90%
MastertonMasterton
90%
Napier
90%
New PlymouthNew Plymouth
90%
Palmerston North
90%
Queenstown-LakesQueenstown
90%
Rotorua LakesRotorua
90%
TaupoTaupo
90%
WhakataneWhakatane
90%
WhanganuiWhanganui
90%
WhangareiWhangarei
90%
AshburtonAshburton
80%
Western Bay of PlentyGreerton
80%
Hamilton
80%
KaikouraKaikoura
80%
Tauranga
80%
TimaruTimaru
80%
Central OtagoAlexandra
70%
MarlboroughBlenheim
70%
GoreGore
70%
GreyGreymouth
70%
KawerauKawerau
70%
Lower Hutt
70%
OpotikiOpotiki
70%
Upper Hutt
70%
BullerWestport
70%
CluthaBalclutha
60%
CartertonCarterton
60%
WestlandHokitika
60%
Porirua
60%
Thames-CoromandelThames
60%
WaimateWaimate
60%
HorowhenuaLevin
50%
WaitakiOamaru
50%
OtorohangaOtorohanga
50%
StratfordStratford
50%
WairoaWairoa
50%
South TaranakiHawera
40%
Kapiti CoastParaparaumu
40%
WaimakaririRangiora
40%
WaipaTe Awamutu
40%
TararuaDannevirke
30%
KaiparaDargaville
30%
South WairarapaMartinborough
30%
HaurakiPaeroa
30%
TasmanRichmond
30%
RuapehuTaumarunui
30%
MackenzieFairlie
20%
ManawatuFeilding
20%
Far NorthKaikohe
20%
RangitikeiMarton
20%
SelwynRolleston
20%
South WaikatoTokoroa
20%
HurunuiAmberley
10%
WaikatoNgaruawahia
10%
Matamata-PiakoTe Aroha
10%
Chatham IslandsWaitangi
10%
Central Hawkes BayWaipawa
0%

Score Distribution

Percentile by Number Answered

Percent of People with Each Score

Your Score History

You have not taken this quiz